000 00742nam a2200253 a 4500
001 61118
003 BD-RjUL
005 20211209080926.0
008 170115s19681964enka|||| |||| 001 0 eng d
020 _a416268501
035 _a(BD-RjUL) 61242
040 _aBD-RjUL
_beng
_cBD-RjUL
041 _aeng
082 _223
_a002.091
_bHAB 1968
100 _aHarley, Esther S
_9182389
245 1 0 _aBooks :
_b from papyrus to paperback /
_cEsther S Harley; John Hampden
250 _a1 st ed.
260 _aLondon :
_b Methuen,
_c©1964 [reprint 1968]
300 _a96 p. ;
_c21 cm.
504 _aincludes index
650 _aBooks
_vHistory
_xJuvenile literature.
_9182390
700 _aHampden, John
_9182391
942 _2ddc
_cBK
999 _c61118
_d61118